Größte Küstenstädte Europa - Statistiken

Allgemein
  • Dieses Quiz wurde 84 mal gespielt
  • Das Durchschnittsergebnis liegt bei 15 aus 25
Antwortstatistiken
Einwohner Antwort % Korrekt
1.732.000 Barcelona
97%
546.000 Lissabon
92%
3.146.000 Athen
86%
724.000 Oslo
85%
15.702.000 Istanbul
82%
996.000 Stockholm
82%
886.000 Marseille
78%
908.000 Neapel
78%
667.000 Kopenhagen
77%
684.000 Helsinki
71%
936.000 Amsterdam
68%
672.000 Rotterdam
68%
5.602.000 Sankt Petersburg
68%
593.000 Dublin
64%
841.000 Valencia
64%
626.000 Palermo
55%
564.000 Genua
52%
615.000 Riga
45%
599.000 Málaga
42%
528.000 Edinburgh
38%
509.000 Liverpool
38%
1.011.000 Odessa
37%
568.000 Den Haag
30%
802.000 Thessaloniki
26%
609.000 Göteborg
22%
Keine übereinstimmenden Quizze gefunden
Verteilung der Resultate
Anzahl Personen mit jedem Resultat
Perzentil nach korrekt beantworteten Fragen
Ihre Resultats-Entwicklung
Sie haben dieses Quiz noch nicht gespielt